000 01657nam0a2200397 4500
001 RU\NLR\bibl\263811
005 20260406125759.0
010 _a5-7107-5046-8
_910000
021 _aRU
_b2001-62629
_93052
035 _a(NLR Aleph) 000259431
090 _a1515187
_c1515187
100 _a20020426d2001 |||y0rusy50 ca
101 0 _arus
102 _aRU
105 _ay |||||||||
200 1 _aКак войти в мир литературы
_e7 кл.
_eМетод. рекомендации для учителя
_fА.Г. Кутузов, Л.В. Колосс
205 _a4-е изд., стер.
210 _aМ.
_cДрофа
_d2001
215 _a62, [2] с.
_d20
225 1 _aВ мире литературы
606 0 _aРусская литература
_xМетодика преподавания
_xСредняя школа
_9986562
_3RU\NLR\auth\66372092
606 0 _aРусская литература
_xПреподавание
_xСредняя школа
_91454977
_3RU\NLR\auth\66307011
610 0 _aРусская литература - Метод. пособия
675 _a372.882.116.11.09.046.14
_v3
_zrus
686 _a14
_2rugasnti
686 _a74.268.3
_2rubbk
686 _aЧ421.21,6(2)31
700 1 _4070
_8rus
_7ca
_aКутузов
_bА. Г.
_gАлександр Геннадиевич
_3RU\NLR\auth\771456
_9111481
701 1 _4070
_8rus
_7ca
_aКолосс
_bЛ.В.
_gЛеонид Владимирович
_3RU\NLR\auth\771457
_9111482
801 0 _aRU
_bRKP
_c20020426
_gPSBO
801 1 _aRU
_bRKP
_c20020426
801 2 _aRU
_bNLR
_c20060321
_grcr
942 _cBOOK
980 _aNB